Statistics for Countries That Start With Two Consonants

Click here to take the quiz!

General Stats

  • This quiz has been taken 1,489 times
    (1,271 since last reset)
  • The average score is 20 of 29

Answer Stats

country% Correct
Brazil
87%
Chile
85%
China
85%
Sweden
83%
France
82%
Spain
81%
Czechia
79%
Switzerland
79%
Croatia
78%
Greece
76%
Bhutan
75%
Chad
74%
Slovakia
72%
Slovenia
72%
Thailand
72%
Djibouti
71%
Brunei
69%
Ghana
69%
Sri Lanka
66%
Philippines
64%
Rwanda
64%
Trinidad and
Tobago
64%
Cyprus
63%
Grenada
61%
Kyrgyzstan
60%
Syria
58%
Swaziland
55%
Myanmar
53%
Greenland
26%

Score Distribution

Percentile by Number Answered

Percent of People with Each Score

Your Score History

You have not taken this quiz since the last reset